[Event "Titled Tue 17th Jun Late"]
[Site "chess.com INT"]
[Date "2025.06.17"]
[Round "1"]
[White "Swaminathan, Pranav"]
[Black "Seemann, Jakub"]
[Result "1-0"]
[BlackTitle "IM"]
[WhiteElo "2113"]
[BlackElo "2450"]
[WhiteFideId "30970482"]
[BlackFideId "21874697"]
[EventDate "2025.06.17"]

1. d4 d5 2. c4 e5 3. dxe5 d4 4. Nf3 Nc6 5. a3 Nge7 6. e3 dxe3 7. Qxd8+ Kxd8 8.
Bxe3 Ng6 9. Nc3 Ncxe5 10. Nxe5 Nxe5 11. O-O-O+ Bd7 12. h3 f6 13. Be2 c6 14. f4
Nf7 15. Bg4 Bd6 16. c5 Re8 17. Bxd7 Rxe3 18. Bf5 Kc7 19. cxd6+ Nxd6 20. Bxh7
Rae8 21. Bg6 R8e7 22. Rd3 R3e6 23. Rhd1 f5 24. Bh5 b5 25. Bf3 a5 26. Ne2 Nc4 27.
Nd4 Rf6 28. b3 Nxa3 29. Kb2 b4 30. Rc1 Kb6 31. Nxc6 Rc7 32. Ne5 Rxc1 33. Kxc1
Ka6 34. Rd7 Rf8 35. Rxg7 Rc8+ 36. Kd1 Rd8+ 37. Rd7 Rg8 38. h4 Rh8 39. h5 Rb8 40.
h6 a4 41. bxa4 b3 42. Nd3 Nc4 43. h7 b2 44. Nxb2 Nxb2+ 45. Ke2 Nxa4 46. Bd5 Nc3+
47. Kd3 Nxd5 48. Rxd5 Rh8 49. Rd7 Kb6 50. Kd4 Kc6 51. Rg7 Kd6 52. Rg6+ Ke7 53.
Rh6 Kf7 54. Ke5 Kg7 55. Rh3 Re8+ 56. Kxf5 Kh8 57. g4 Rf8+ 58. Kg5 Rf7 59. f5
Rg7+ 60. Kf4 Ra7 61. g5 Ra4+ 62. Ke5 Ra5+ 63. Ke4 Ra4+ 64. Kf3 Ra3+ 65. Kg4 Ra5
66. g6 Ra6 67. Re3 Ra8 68. Kg5 Rb8 69. Kh6 1-0

[Event "Titled Tue 17th Jun Late"]
[Site "chess.com INT"]
[Date "2025.06.17"]
[Round "1"]
[White "Yilmaz, Mustafa"]
[Black "Urbina Perez, Juan Antonio"]
[Result "1-0"]
[WhiteTitle "GM"]
[BlackTitle "FM"]
[WhiteElo "2586"]
[BlackElo "2221"]
[WhiteFideId "6302718"]
[BlackFideId "2217368"]
[EventDate "2025.06.17"]

1. e4 c6 2. Nf3 d5 3. Nc3 dxe4 4. Nxe4 Nf6 5. Qe2 Na6 6. Nxf6+ gxf6 7. d3 h5 8.
Bd2 Qd5 9. Bc3 Bg4 10. Bxf6 Rg8 11. Bc3 Bh6 12. Qe4 Bxf3 13. gxf3 O-O-O 14. Bh3+
e6 15. Qxd5 Rxd5 16. Ke2 Bf4 17. Rag1 Rdg5 18. Rxg5 Rxg5 19. Kf1 Nc7 20. Rg1
Rxg1+ 21. Kxg1 Nd5 22. Bd4 b6 23. a3 c5 24. Bg7 Kd7 25. Kf1 Ke7 26. c4 Nf6 27.
b4 Bxh2 28. Bh6 Be5 29. Bg5 Kd6 30. b5 Bd4 31. a4 Nd7 32. f4 f5 33. Bg2 Nf6 34.
Ke2 Ng4 35. Bh4 Bf6 36. Bg5 Bd4 37. Bf3 Bg7 38. Bxg4 hxg4 39. f3 gxf3+ 40. Kxf3
e5 41. Bd8 Bh8 42. a5 bxa5 43. Bxa5 exf4 44. Kxf4 Bd4 45. Kxf5 Be3 46. Bc3 Bf2
47. Be5+ Kd7 48. Bb8 Kc8 49. Bf4 Kb7 50. Ke6 a6 51. bxa6+ Kxa6 52. Kd5 Kb6 53.
Bd6 Bd4 54. Be5 Be3 55. Bc3 Bf2 56. Bf6 Be3 57. Bd8+ Kb7 58. Kd6 Bd4 59. Kd7 1-0

[Event "Titled Tue 17th Jun Late"]
[Site "chess.com INT"]
[Date "2025.06.17"]
[Round "1"]
[White "Atanasov, Anthony"]
[Black "Danila, Tudor-Gabriel"]
[Result "1-0"]
[WhiteTitle "IM"]
[BlackTitle "CM"]
[WhiteElo "2417"]
[BlackElo "2178"]
[WhiteFideId "2623897"]
[BlackFideId "1274244"]
[EventDate "2025.06.17"]

1. d4 Nf6 2. Bf4 e6 3. e3 c5 4. Nf3 cxd4 5. exd4 b6 6. Nbd2 Bb7 7. Nc4 d6 8. c3
Be7 9. Bd3 O-O 10. O-O Nc6 11. Qe2 Re8 12. Rfe1 h6 13. a4 Bf8 14. h3 a6 15. Bg3
b5 16. axb5 axb5 17. Rxa8 Bxa8 18. Ncd2 Qb6 19. Ne4 Nxe4 20. Qxe4 g6 21. Qg4 Ne7
22. Qf4 Nd5 23. Qd2 Nf6 24. Qe2 Bc6 25. Nd2 Ra8 26. Nf1 Ra2 27. Bxg6 fxg6 28.
Qxe6+ Kg7 29. Qxa2 Qb7 30. Ne3 Nh5 31. d5 Bd7 32. Bh2 Nf6 33. Qa3 Qb6 34. Ra1
Qd8 35. Bxd6 Bxd6 36. Qxd6 Qe8 37. Ra7 h5 38. b3 Qf7 39. Qe5 Kh6 40. c4 bxc4 41.
bxc4 Qf8 42. Ra6 Ne8 43. Qd4 Ng7 44. c5 Nf5 45. Nxf5+ Bxf5 46. Qe3+ Kh7 47. Ra7+
Kg8 48. Qe7 Qxe7 49. Rxe7 Kf8 50. d6 h4 51. Kh2 Bd3 52. g3 hxg3+ 53. Kxg3 Bf5
54. h4 Bd3 55. Kf4 Bf5 56. Kg5 Bd3 57. h5 gxh5 58. Kxh5 Bf5 59. Kg5 Bc8 60. Kf6
Bf5 61. c6 Bg4 62. d7 Bxd7 1-0

[Event "Titled Tue 17th Jun Late"]
[Site "chess.com INT"]
[Date "2025.06.17"]
[Round "1"]
[White "Rustamov, Rustam"]
[Black "Pullela, Sricharan"]
[Result "1-0"]
[WhiteTitle "FM"]
[WhiteElo "2334"]
[BlackElo "2144"]
[WhiteFideId "13440110"]
[BlackFideId "30951089"]
[EventDate "2025.06.17"]

1. e4 c5 2. Nf3 Nc6 3. d4 cxd4 4. Nxd4 Nf6 5. Nc3 e5 6. Ndb5 d6 7. Bg5 a6 8. Na3
b5 9. Nd5 Be7 10. Bxf6 Bxf6 11. c3 Bg5 12. Nc2 Ne7 13. Ncb4 Bb7 14. Be2 O-O 15.
O-O Nxd5 16. Nxd5 Bh6 17. a4 bxa4 18. Rxa4 g6 19. Rb4 Bc6 20. Rc4 Bb5 21. Rc7
Kh8 22. c4 Bd7 23. Rxd7 Qxd7 24. Nb6 Qc6 25. Nxa8 Rxa8 26. Bd3 Kg7 27. b3 Qc5
28. Bc2 Bg5 29. g3 Bd8 30. Kg2 Bb6 31. Qd2 a5 32. f4 Qd4 33. Qxd4 exd4 34. Ra1
Bc5 35. Kf3 Bb4 36. g4 Bc3 37. Rd1 f6 38. h4 h6 39. Rg1 g5 40. hxg5 hxg5 41. Rh1
gxf4 42. Kxf4 Re8 43. Rh5 Re5 44. Rh3 Rg5 45. Bd3 Rc5 46. Rh1 Rc8 47. Rh5 Rb8
48. Rd5 Rxb3 49. Bc2 Rb2 50. Ba4 Rf2+ 51. Kg3 Re2 52. Rxd6 Rxe4 53. c5 Re5 54.
c6 Rc5 55. Rd7+ Kh6 56. Bc2 d3 57. Bxd3 Be5+ 58. Kh4 f5 59. Bxf5 Bf6+ 60. Kg3
Rxc6 61. Rh7+ Kg5 62. Rh5# 1-0

[Event "Titled Tue 17th Jun Late"]
[Site "chess.com INT"]
[Date "2025.06.17"]
[Round "1"]
[White "Pranav, V"]
[Black "Deveci, Huseyin Said"]
[Result "1-0"]
[WhiteTitle "GM"]
[BlackTitle "CM"]
[WhiteElo "2595"]
[BlackElo "2212"]
[WhiteFideId "25060783"]
[BlackFideId "26322455"]
[EventDate "2025.06.17"]

1. e4 e5 2. Nf3 Nc6 3. Nc3 Nf6 4. Bb5 Bb4 5. O-O d6 6. d4 exd4 7. Nxd4 Bd7 8.
Bxc6 bxc6 9. Qf3 h6 10. e5 Bxc3 11. Qxc3 Nd5 12. Qg3 dxe5 13. Qxe5+ Qe7 14. Qg3
O-O-O 15. c4 Nf6 16. Qc3 Ne4 17. Qa5 Qc5 18. Qa6+ Kb8 19. Be3 Qb6 20. Qa3 c5 21.
Nc2 Qg6 22. b4 Bc6 23. Ne1 Nd2 24. Bxd2 Rxd2 25. bxc5 Rhd8 26. f3 Qf6 27. Rb1+
Ka8 28. Qa6 Qd4+ 29. Kh1 Qxc5 30. Rg1 h5 31. h3 h4 32. Rb3 Rd1 33. Rb2 Ra1 34.
Re2 Bb7 35. Qa4 a6 36. Re8 Rxe8 37. Qxe8+ Ka7 38. Qe2 Bc8 39. Qb2 Rd1 40. Qe2
Qd4 41. Rf1 Be6 42. Nc2 Rxf1+ 43. Qxf1 Qxc4 44. Qf2+ c5 45. a3 Qc3 46. Ne3 Qa1+
47. Kh2 Qe5+ 48. Kh1 Qd4 49. Qe1 c4 50. Nc2 Qc5 51. Nb4 a5 52. Na2 c3 53. Nxc3
Qxa3 54. Nb5+ 1-0

[Event "Titled Tue 17th Jun Late"]
[Site "chess.com INT"]
[Date "2025.06.17"]
[Round "1"]
[White "Wanyama, Harold"]
[Black "Moussard, Jules"]
[Result "0-1"]
[WhiteTitle "FM"]
[BlackTitle "GM"]
[WhiteElo "2143"]
[BlackElo "2597"]
[WhiteFideId "10000380"]
[BlackFideId "642908"]
[EventDate "2025.06.17"]

1. d4 d5 2. c4 e6 3. g3 Nf6 4. Bg2 Be7 5. Nf3 O-O 6. O-O c6 7. Qc2 b6 8. Nbd2 c5
9. dxc5 bxc5 10. e4 Nc6 11. cxd5 exd5 12. exd5 Nxd5 13. a3 Rb8 14. Nc4 Be6 15.
Rd1 h6 16. Nfe5 Nd4 17. Rxd4 cxd4 18. Nc6 Qd7 19. Nxb8 Rxb8 20. Ne5 Rc8 21. Qd1
Qc7 22. Nf3 Bf6 23. h3 Qc2 24. Qxc2 Rxc2 25. Bf1 Bf5 26. Ne1 Rc8 27. Bd2 Rb8 28.
b4 Nc3 29. Rc1 h5 30. Nd3 Re8 31. Nf4 g6 32. Bxc3 dxc3 33. Nd5 Bd4 34. Nxc3 Rc8
35. Ne2 Rxc1 36. Nxc1 Bb2 37. Nd3 Bxa3 38. b5 Kf8 39. Ne5 Bd6 40. Nc6 Bc5 41.
Kg2 Be4+ 42. f3 Bd5 43. g4 h4 44. Ne5 Ke7 45. Nd3 Bb6 46. Nf4 Bb3 47. Bd3 Kd6
48. Be4 Bc4 49. Bc6 Kc5 50. Be8 g5 51. Nh5 Bxb5 52. Bxf7 a5 53. Nf6 Bc4 54. Nd7+
Kd6 55. Bxc4 Kxd7 56. Kf1 Kd6 57. Ke2 Kc5 58. Ba2 Kd4 59. Kd2 Bc7 60. Bf7 a4 61.
Kc2 a3 62. Kb3 Bd6 63. Be8 Ke3 64. Bc6 Kf4 65. Bd5 Kg3 66. Kc3 Kxh3 67. Kd4 Kg3
68. Ke4 h3 69. Kf5 Bf4 0-1

[Event "Titled Tue 17th Jun Late"]
[Site "chess.com INT"]
[Date "2025.06.17"]
[Round "1"]
[White "Maximov, Dmitry"]
[Black "Ivashentseva, Dominika"]
[Result "0-1"]
[WhiteTitle "GM"]
[BlackTitle "WCM"]
[WhiteElo "2476"]
[BlackElo "1969"]
[WhiteFideId "14105659"]
[BlackFideId "34331050"]
[EventDate "2025.06.17"]

1. e4 c5 2. Nf3 Nc6 3. Bb5 g6 4. Bxc6 bxc6 5. O-O Bg7 6. Re1 Nh6 7. c3 O-O 8. d4
cxd4 9. cxd4 d5 10. e5 f6 11. exf6 exf6 12. b3 Bg4 13. Nbd2 Nf5 14. Qc2 Qb6 15.
Ba3 Rfe8 16. Bc5 Qc7 17. h3 Bxf3 18. Nxf3 Nd6 19. Bxd6 Qxd6 20. Rac1 Rxe1+ 21.
Rxe1 Rc8 22. h4 c5 23. h5 f5 24. hxg6 hxg6 25. Ng5 Qf6 26. Nf3 c4 27. bxc4 Rxc4
28. Qb3 Qb6 29. Re8+ Kf7 30. Qe3 Rc1+ 31. Kh2 Qc7+ 32. g3 Rc6 33. Ng5+ Kf6 34.
Nh7+ Kf7 35. Ng5+ Kf6 36. f4 Bh6 37. Nh7+ Kf7 38. Rh8 Kg7 39. Qe8 Qf7 40. Qxc6
Kxh8 41. Nf6 Bg7 42. Nxd5 Bxd4 43. Qc8+ Kg7 44. Qc4 Bf6 45. Qc5 Qd7 46. Nxf6
Kxf6 47. Qc3+ Kf7 48. Kh3 Qe7 49. Qh8 Ke6 50. Qg8+ Kf6 51. a4 Qd7 52. Qf8+ Ke6
53. Qb4 Qh7+ 54. Kg2 Qd7 55. Qc4+ Kf6 56. Qc3+ Ke6 57. Qe5+ Kf7 58. a5 Qc6+ 59.
Kh3 Qh1# 0-1

[Event "Titled Tue 17th Jun Late"]
[Site "chess.com INT"]
[Date "2025.06.17"]
[Round "1"]
[White "Kovalenko, Igor"]
[Black "Colville, Julian"]
[Result "1-0"]
[WhiteTitle "GM"]
[BlackTitle "FM"]
[WhiteElo "2676"]
[BlackElo "2268"]
[WhiteFideId "14117908"]
[BlackFideId "30963273"]
[EventDate "2025.06.17"]

1. d4 d5 2. Nf3 c5 3. e3 Nc6 4. dxc5 e5 5. a3 Bxc5 6. b4 Bd6 7. Bb2 Bg4 8. h3
Bxf3 9. Qxf3 Nf6 10. Nd2 O-O 11. g4 e4 12. Qg2 Be5 13. c3 a5 14. b5 Ne7 15. f4
exf3 16. Nxf3 Ng6 17. O-O-O Qc7 18. Nxe5 Nxe5 19. g5 Ne4 20. Qc2 Qc5 21. Kb1 Nc4
22. Bxc4 Qxc4 23. Rd4 Qxb5 24. c4 Qb6 25. cxd5 Nd6 26. Ka1 Rac8 27. Qd3 Rfe8 28.
e4 Qb5 29. Qxb5 Nxb5 30. Ra4 b6 31. Re1 Rc5 32. Re3 Rxd5 33. exd5 Rxe3 34. Rc4
h6 35. gxh6 gxh6 36. Rc6 Nxa3 37. Rxh6 Kf8 38. Bf6 Ke8 39. Rh8+ Kd7 40. Rd8+ Kc7
41. d6+ Kc6 42. Be7 Kb5 43. h4 Ka4 44. Kb2 b5 45. h5 b4 46. Rb8 Rc3 47. Bg5 Nc4+
48. Kb1 Kb3 49. d7 Rg3 50. Bc1 Rg1 51. Rc8 Na3+ 52. Ka1 Nc2+ 53. Kb1 Na3+ 54.
Ka1 Rg2 55. Bxa3 Kxa3 56. Kb1 Rg1+ 57. Rc1 Rg8 58. Rd1 Rd8 59. h6 b3 60. h7 a4
61. h8=Q Rxh8 62. d8=Q Rxd8 63. Rxd8 Kb4 64. Rf8 a3 65. Rxf7 Kc3 66. Rf3+ Kb4
67. Rf4+ Kc3 68. Rf3+ Kb4 69. Rf7 Ka4 70. Rb7 b2 71. Ka2 Ka5 72. Rb3 1-0

[Event "Titled Tue 17th Jun Late"]
[Site "chess.com INT"]
[Date "2025.06.17"]
[Round "1"]
[White "Ahmad, Khagan"]
[Black "Aliyev, Elnur"]
[Result "0-1"]
[WhiteTitle "IM"]
[BlackTitle "CM"]
[WhiteElo "2394"]
[BlackElo "2123"]
[WhiteFideId "13431552"]
[BlackFideId "13402617"]
[EventDate "2025.06.17"]

1. d4 d5 2. c4 e6 3. Nf3 Ne7 4. Nc3 Nbc6 5. g3 Nf5 6. Bg2 dxc4 7. O-O Nfxd4 8.
Nxd4 Nxd4 9. Be3 Nf5 10. Qxd8+ Kxd8 11. Rfd1+ Bd6 12. Bf4 Ke7 13. e4 Bxf4 14.
exf5 Be5 15. fxe6 Bxe6 16. Bxb7 Rab8 17. Nd5+ Kf8 18. Ne3 Bxb2 19. Rab1 c3 20.
Bd5 Ke7 21. Bxe6 fxe6 22. Nc2 Rhd8 23. Kf1 Rxd1+ 24. Rxd1 Rd8 25. Rxd8 Kxd8 26.
Ke2 Ke7 27. Kd3 Kf6 28. Kd4 Kf5 29. Ne3+ Kg5 30. f4+ Kf6 31. Kd3 h5 32. Nc2 e5
33. Ke4 exf4 34. gxf4 g5 35. f5 g4 36. Ne3 c6 37. Nc2 Bc1 38. Nb4 h4 39. Nxc6 h3
40. Nb4 g3 41. Nd5+ Kf7 42. hxg3 h2 43. Nxc3 h1=Q+ 44. Kd3 Qf3+ 45. Kc4 Qxf5 46.
Nb5 Qe6+ 47. Kb4 Qxa2 48. Nd6+ Ke6 49. Nc4 Bd2+ 50. Kc5 Bc3 51. g4 Qb3 52. g5
Qb4+ 53. Kc6 Qxc4+ 54. Kb7 Kf5 55. g6 Kxg6 56. Ka8 a5 57. Kb8 a4 58. Kb7 a3 59.
Kb8 a2 60. Kb7 a1=Q 61. Kb8 Be5+ 62. Kb7 Qaa6# 0-1

[Event "Titled Tue 17th Jun Late"]
[Site "chess.com INT"]
[Date "2025.06.17"]
[Round "1"]
[White "Bardyk, Artem"]
[Black "Rao, Anjaneya Sripathy"]
[Result "0-1"]
[WhiteTitle "FM"]
[BlackTitle "CM"]
[WhiteElo "2260"]
[BlackElo "2217"]
[WhiteFideId "34349979"]
[BlackFideId "30954770"]
[EventDate "2025.06.17"]

1. e4 e6 2. d4 d5 3. Nc3 Nf6 4. Bg5 dxe4 5. Nxe4 Be7 6. Nxf6+ Bxf6 7. Bxf6 Qxf6
8. Nf3 O-O 9. Qd3 c5 10. O-O-O cxd4 11. Qxd4 Qxd4 12. Nxd4 Rd8 13. Be2 Bd7 14.
Bf3 Nc6 15. Nxc6 Bxc6 16. Rxd8+ Rxd8 17. Bxc6 bxc6 18. Rd1 Rxd1+ 19. Kxd1 Kf8
20. Kd2 Ke7 21. Kc3 Kd6 22. Kc4 e5 23. b4 f5 24. a4 g5 25. b5 cxb5+ 26. axb5 h5
27. f3 e4 28. fxe4 fxe4 29. b6 a5 30. Kb5 e3 31. Ka6 e2 32. b7 e1=Q 33. b8=Q+
Kd5 34. Qb5+ Kd4 35. Qd3+ Kc5 36. c3 Qe6+ 37. Ka7 Qb6+ 38. Ka8 Qc6+ 39. Kb8 Qxg2
40. Qd4+ Kc6 41. Qc4+ Kd6 42. Qd4+ Qd5 43. Qf6+ Kc5 44. Qf2+ Kc4 45. Qa2+ Kc5
46. Qxa5+ Kd6 47. Qd8+ Ke5 48. Qxg5+ Kd6 49. Qf4+ Kc5 50. Qb4+ Kc6 51. Ka7 Qd7+
52. Ka6 Qc8+ 53. Ka7 Qc7+ 54. Ka8 Qxh2 55. Qc4+ Kd7 56. Qd4+ Qd6 57. Qg7+ Kc6
58. Qg2+ Qd5 59. Qg6+ Kc5+ 0-1

[Event "Titled Tue 17th Jun Late"]
[Site "chess.com INT"]
[Date "2025.06.17"]
[Round "1"]
[White "Esipenko, Andrey"]
[Black "Yatskar, Martin"]
[Result "1-0"]
[WhiteTitle "GM"]
[BlackTitle "CM"]
[WhiteElo "2689"]
[BlackElo "2225"]
[WhiteFideId "24175439"]
[BlackFideId "34109676"]
[EventDate "2025.06.17"]

1. d4 d5 2. Nf3 c5 3. dxc5 Nf6 4. c3 e6 5. Be3 Nbd7 6. b4 a5 7. Nbd2 Be7 8. g3
Ng4 9. Bf4 e5 10. Bh3 exf4 11. Bxg4 h5 12. Bf5 g6 13. Bd3 fxg3 14. hxg3 O-O 15.
Qc2 Kg7 16. Kf1 Bf6 17. Rb1 Qc7 18. Kg2 b6 19. cxb6 Nxb6 20. Rhc1 Be6 21. Nb3
Nc4 22. Qd1 Bg4 23. Nc5 Rfe8 24. a4 h4 25. gxh4 Qf4 26. Qh1 Bxf3+ 27. exf3 Nd2
28. Qh3 Nxb1 29. Rxb1 Bxc3 30. bxa5 Bxa5 31. Rb7 Rab8 32. Rd7 Rbd8 33. Ne6+ Rxe6
34. Qxe6 Rxd7 35. Qxd7 Qd4 36. Be4 Bb6 37. Bxd5 Qxf2+ 38. Kh3 Qf1+ 39. Kg4 Qg2+
40. Kf4 Qh2+ 41. Ke4 Qxh4+ 42. f4 Qe1+ 43. Kd3 Qe3+ 44. Kc4 Qxf4+ 45. Kb5 Bg1
46. a5 Qf5 47. Qc6 g5 48. a6 g4 49. Qc3+ Qf6 50. Qc7 g3 51. Qxg3+ Qg6 52. Qe5+
Qf6 53. Qg3+ Qg6 54. Qc3+ Qf6 55. Qe1 Qg5 56. Kc4 Be3 57. Qc3+ Kg6 58. Be4+ f5
59. Bd5 Qf4+ 60. Kb5 Qb8+ 61. Bb7 Qe5+ 62. Qxe5 1-0

[Event "Titled Tue 17th Jun Late"]
[Site "chess.com INT"]
[Date "2025.06.17"]
[Round "1"]
[White "Becking, Stephan"]
[Black "Schnaider, Ilan"]
[Result "0-1"]
[WhiteTitle "IM"]
[BlackTitle "IM"]
[WhiteElo "2410"]
[BlackElo "2388"]
[WhiteFideId "4632478"]
[BlackFideId "169013"]
[EventDate "2025.06.17"]

1. d4 d5 2. Nf3 Nf6 3. c3 e6 4. Bf4 Bd6 5. Bg3 Nbd7 6. Nbd2 Qe7 7. e3 e5 8. dxe5
Nxe5 9. Nxe5 Bxe5 10. Bxe5 Qxe5 11. Nf3 Qe7 12. Bd3 Bg4 13. h3 Bh5 14. Qa4+ c6
15. Qf4 O-O 16. Nd4 Bg6 17. Nf5 Bxf5 18. Bxf5 g6 19. Bc2 Kg7 20. O-O Rae8 21.
Rad1 a6 22. Rd4 h6 23. Rfd1 Nh5 24. Qf3 Qe5 25. Bb3 b5 26. Bc2 Re6 27. b3 Rf6
28. Qe2 Re8 29. c4 dxc4 30. bxc4 Qc5 31. cxb5 axb5 32. Bb3 Nf4 33. Qb2 Ne6 34.
Rd6 Qf5 35. Rxc6 Kh7 36. Bxe6 Rexe6 37. Rxe6 Qxe6 38. Rd2 Qc6 39. Rc2 Qb6 40.
Qe5 Re6 41. Qf4 Re7 42. Kh2 b4 43. Rb2 Rb7 44. Qd4 Qc7+ 45. g3 Qe7 46. Kg2 Rb8
47. Rb3 Qb7+ 48. Kh2 Qb5 49. Kg2 Rb7 50. h4 h5 51. Qe4 Rb6 52. a3 Rf6 53. Rxb4
Qe2 54. Qf4 Rxf4 55. Rxf4 Qa2 56. a4 Kg7 57. Kh2 f6 58. Kg2 Kf7 59. Kh2 Ke6 60.
Kg2 g5 61. Re4+ Kf5 62. Rd4 Qa1 63. Kh2 Qf1 0-1

[Event "Titled Tue 17th Jun Late"]
[Site "chess.com INT"]
[Date "2025.06.17"]
[Round "1"]
[White "Dudzinski, Pawel"]
[Black "Steinberg, Nitzan"]
[Result "1-0"]
[WhiteTitle "FM"]
[BlackTitle "GM"]
[WhiteElo "2191"]
[BlackElo "2554"]
[WhiteFideId "1117890"]
[BlackFideId "2801795"]
[EventDate "2025.06.17"]

1. e4 c5 2. c4 Nc6 3. Nc3 g6 4. g3 Bg7 5. Bg2 d6 6. Rb1 Nf6 7. Nge2 O-O 8. d3
Rb8 9. a3 Ne8 10. b4 Nc7 11. b5 Nd4 12. Nxd4 cxd4 13. Ne2 b6 14. a4 Bb7 15. O-O
e5 16. f4 f5 17. fxe5 dxe5 18. exf5 Bxg2 19. Kxg2 gxf5 20. Ng1 Ne6 21. Qh5 Qd7
22. Ba3 Rf6 23. Kh1 Qb7+ 24. Qf3 e4 25. Qg2 Nc5 26. Bxc5 bxc5 27. Rbe1 Re8 28.
Ne2 Bh6 29. Nf4 Bxf4 30. Rxf4 Qf7 31. g4 exd3 32. Rxe8+ Qxe8 33. gxf5+ Kh8 34.
Re4 Qg8 35. Qd2 Rxf5 36. Qxd3 Qa8 37. Kg1 Rg5+ 38. Kf2 Qf8+ 39. Ke1 Rg1+ 40. Kd2
Rg2+ 41. Re2 Qf4+ 42. Kc2 Qxh2 43. Rxg2 Qxg2+ 44. Qd2 Qg6+ 45. Qd3 Qg2+ 46. Qd2
Qf3 47. Kb2 Kg8 48. a5 d3 49. b6 axb6 50. a6 Qe4 51. a7 Qe5+ 52. Kb3 Qa1 53.
Qg2+ Kf7 54. Qf3+ Kg6 55. Qg2+ Kf6 56. a8=Q Qb1+ 57. Kc3 1-0

[Event "Titled Tue 17th Jun Late"]
[Site "chess.com INT"]
[Date "2025.06.17"]
[Round "1"]
[White "Tekeyev, Zaur"]
[Black "Zhou, Aiden"]
[Result "1-0"]
[WhiteTitle "IM"]
[WhiteElo "2407"]
[BlackElo "2141"]
[WhiteFideId "4199731"]
[BlackFideId "2618826"]
[EventDate "2025.06.17"]

1. Nf3 Nf6 2. c4 g6 3. b3 Bg7 4. Bb2 O-O 5. g3 c6 6. Bg2 d5 7. O-O Re8 8. d3 Bg4
9. h3 Bxf3 10. Bxf3 Nbd7 11. Bg2 e6 12. Nc3 Rb8 13. e3 a6 14. Ne2 b5 15. cxb5
cxb5 16. Rc1 Rc8 17. Qd2 Qb6 18. Bd4 Qb8 19. Qa5 e5 20. Bb2 Nc5 21. Rfd1 e4 22.
dxe4 dxe4 23. Nf4 g5 24. Ne2 Nd3 25. Rxc8 Qxc8 26. Bxf6 Bxf6 27. Bxe4 Nxf2 28.
Kxf2 Rxe4 29. g4 Qb8 30. Qe1 Qh2+ 31. Kf3 Re6 32. Qg3 Qxg3+ 33. Nxg3 Re8 34. Rd6
Be5 35. Rd3 Bxg3 36. Kxg3 Re6 37. Kf3 Kf8 38. Rd5 f6 39. e4 Ke7 40. Rc5 Kd7 41.
Ke3 Rc6 42. Rd5+ Rd6 43. Rf5 Ke6 44. e5 fxe5 45. Rxg5 Rd7 46. Rh5 Kd5 47. Kd3 a5
48. a3 a4 49. bxa4 bxa4 50. Rh6 Rb7 51. h4 Rb3+ 52. Ke2 Rxa3 53. Rxh7 Ke4 54. g5
Ra2+ 55. Kd1 Kd3 56. Rd7+ Ke3 57. g6 e4 58. g7 Rg2 59. h5 a3 60. h6 a2 61. Ra7
Rg1+ 62. Kc2 Kf2 63. Rxa2 e3 64. Kd3+ e2 65. Rxe2+ 1-0

[Event "Titled Tue 17th Jun Late"]
[Site "chess.com INT"]
[Date "2025.06.17"]
[Round "1"]
[White "Mesquita, Eduardo Barbosa"]
[Black "Hungaski, Robert"]
[Result "0-1"]
[BlackTitle "GM"]
[WhiteElo "2014"]
[BlackElo "2477"]
[WhiteFideId "22757163"]
[BlackFideId "2021030"]
[EventDate "2025.06.17"]

1. Nf3 g6 2. d4 d5 3. c4 c6 4. Nc3 Nf6 5. e3 Bg7 6. Bd3 O-O 7. Qe2 a6 8. O-O Bg4
9. h3 Bxf3 10. Qxf3 e6 11. Re1 Nbd7 12. Bd2 Re8 13. cxd5 exd5 14. b4 Nb6 15.
Rab1 Qd6 16. a4 Re6 17. b5 axb5 18. axb5 c5 19. dxc5 Qxc5 20. Rec1 Qe7 21. Ne2
Ne4 22. Bb4 Qd7 23. Nd4 Bxd4 24. exd4 Rf6 25. Qe3 Nxf2 26. Rf1 Re8 27. Qg3 Ne4
28. Bxe4 Rxf1+ 29. Rxf1 dxe4 30. Bc5 Nd5 31. Re1 e3 32. h4 Qxb5 33. Qf3 Qc6 34.
h5 b6 35. Ba3 Qe6 36. h6 f6 37. Rb1 Qe4 38. Re1 Qxf3 39. gxf3 Kf7 40. Bc1 g5 41.
Kh2 Kg6 42. Kg3 f5 43. f4 gxf4+ 44. Kf3 Kxh6 45. Rg1 Re6 46. Ba3 Rf6 47. Rg2 b5
48. Bc5 b4 49. Rb2 Rc6 50. Bxb4 Nxb4 51. Rxb4 Re6 52. Rb2 Kg5 53. d5 Rd6 54. Rb5
h5 55. Rc5 h4 56. Ra5 h3 57. Rb5 h2 58. Kg2 e2 59. Rb1 Rxd5 60. Kxh2 Rd1 61. Rb8
e1=Q 62. Rg8+ Kf6 63. Rf8+ Ke7 0-1

[Event "Titled Tue 17th Jun Late"]
[Site "chess.com INT"]
[Date "2025.06.17"]
[Round "1"]
[White "Casadio, Niccolo'"]
[Black "Arabidze, Meri"]
[Result "1-0"]
[WhiteTitle "FM"]
[BlackTitle "IM"]
[WhiteElo "2249"]
[BlackElo "2440"]
[WhiteFideId "2827951"]
[BlackFideId "13604040"]
[EventDate "2025.06.17"]

1. e4 c5 2. Nf3 e6 3. d4 cxd4 4. Nxd4 a6 5. Bd3 d5 6. exd5 Qxd5 7. Nc3 Qe5+ 8.
Nde2 Qc7 9. O-O Bd6 10. h3 Nf6 11. Bg5 Nbd7 12. Ne4 Nxe4 13. Bxe4 h6 14. Be3 O-O
15. Nc3 Rb8 16. a4 Be5 17. Qd2 Nf6 18. Bd3 Bd7 19. a5 Bc6 20. Rae1 Bxc3 21. bxc3
Qxa5 22. Bxh6 Qh5 23. Bg5 Nh7 24. Bf4 Qd5 25. f3 Rbd8 26. Re5 Qd7 27. Qf2 f5 28.
Rfe1 Rfe8 29. Qh4 Nf8 30. Qh5 Qf7 31. Qg5 Qg6 32. Qh4 Bxf3 33. Qf2 Bc6 34. R1e3
Qf7 35. Rg3 Ng6 36. h4 Nxf4 37. Qxf4 Rd5 38. h5 Rxe5 39. Qxe5 Kf8 40. Rg6 Rd8
41. c4 b5 42. c5 Rd5 43. Qb8+ Qe8 44. Qc7 Qd7 45. Qb8+ Qe8 46. Qg3 Qf7 47. h6
gxh6 48. Rxh6 Ke7 49. Rg6 Qf8 50. Rg8 Qf7 51. Rg7 a5 52. Qg5+ Ke8 53. Rxf7 Kxf7
54. Qh5+ Ke7 55. Qh7+ Kd8 56. Qg8+ Kc7 57. Qxe6 Rxc5 58. Bxf5 Kb6 59. Qc8 a4 60.
Qb8+ Ka5 61. Qa7+ Kb4 62. Bd3 Rc3 63. Qe7+ Ka5 64. Qe1 b4 65. Qe5+ Kb6 66. Qd6
b3 67. Qb4+ Kc7 68. Qxc3 1-0

[Event "Titled Tue 17th Jun Late"]
[Site "chess.com INT"]
[Date "2025.06.17"]
[Round "1"]
[White "Antoniou, Rafail"]
[Black "Uyanga, Byambaa"]
[Result "1-0"]
[WhiteTitle "CM"]
[BlackTitle "WFM"]
[WhiteElo "2134"]
[BlackElo "2006"]
[WhiteFideId "5904390"]
[BlackFideId "2054906"]
[EventDate "2025.06.17"]

1. e4 c5 2. c3 g6 3. d4 cxd4 4. cxd4 d5 5. Nc3 dxe4 6. Bc4 Nf6 7. Qb3 e6 8. d5
Qb6 9. dxe6 Bxe6 10. Bxe6 Qxe6 11. Qxb7 Qc6 12. Qxc6+ Nxc6 13. Bg5 Bg7 14. Nge2
O-O 15. O-O Rfe8 16. Rac1 Nb4 17. Ng3 Nd3 18. Rc2 Rac8 19. Rd1 Nd5 20. Nge2 f5
21. Rcd2 h6 22. Be3 Nxe3 23. fxe3 h5 24. Nd5 Kf7 25. Ndf4 Bh6 26. g3 Nxf4 27.
Nxf4 Bg7 28. Rd7+ Re7 29. Rxe7+ Kxe7 30. Nxg6+ Kf7 31. Nf4 Bxb2 32. Rd7+ Ke8 33.
Rxa7 Rc2 34. Nxh5 Bc1 35. Nf6+ Kf8 36. Nd5 Rd2 37. Ra5 Rd3 38. Kg2 Kf7 39. Nf4
Rd2+ 40. Kh3 Rc2 41. Rxf5+ Kg7 42. Re5 Rc4 43. a3 Bxe3 44. Nd5 Bc1 45. Re7+ Kg6
46. Kg2 Bxa3 47. Nf4+ Kf5 48. Rf7+ Ke5 49. h4 Rc2+ 50. Kh3 Bc1 51. Re7+ Kf6 52.
Rxe4 Kf5 53. Rb4 Rc3 54. Kg2 Bxf4 55. Rxf4+ Kg6 56. Kh3 Rc2 57. Kg4 Kh6 58. h5
Rc1 59. Rf6+ Kg7 60. Ra6 Kh7 61. Kh4 Rc4+ 62. g4 Kg7 63. Rb6 Kh7 64. h6 Rc1 65.
Kh5 Rh1+ 66. Kg5 Rc1 67. Rb7+ Kh8 68. Kh5 Kg8 69. g5 Kh8 70. Rb8+ Kh7 71. g6# 1-0